[Event "French Defence-Burn Variation 4---dxe4"]
[Site "SchemingMind.com"]
[Date "2007.09.08"]
[Round "-"]
[White "Rotceh"]
[Black "Dariusz1968"]
[Result "1-0"]
[WhiteCountry "MEX"]
[BlackCountry "POL"]
[WhiteElo "1546"]
[WhiteRD "69"]
[BlackElo "1448"]
[BlackRD "53"]
[GameID "119888"]

1. e4 e6 2. d4 h6 3. Nf3 g6 4. b3 a6 5. Bb2 Bg7 6. Nc3 b6 7. d5 e5 8. Bd3 d6 9. Ne2 Bg4 10. Ng3 Bf6
11. h3 Bxf3 12. Qxf3 Nd7 13. b4 a5 14. c3 axb4 15. cxb4 Ra4 16. a3 Ne7 17. O-O Bh4 18. Qg4 Bxg3 19. fxg3 h5 20. Qf3 Rf8
21. g4 hxg4 22. Qxg4 c5 23. Bb5 Ra7 24. Bc3 Rc7 25. Rf3 Ng8 26. Bd2 Nf6 27. Qh4 Nh5 28. Qg4 Nf6 29. Bxd7+ Rxd7 30. Qh4 Nh5
31. Qf2 Nf6 32. Rxf6 Rg8 33. bxc5 bxc5 34. a4 Qb8 35. Qe1 Rb7 36. a5 Rh8 37. Rf1 Qc8 38. a6 Rb3 39. a7 Qa8 40. Ra6 Ke7
41. Bg5+ Kf8 42. Rxd6 Qxa7 43. Rd8+ Kg7 44. Bf6+
1-0

[Event "French Defence-Burn Variation 4---dxe4"]
[Site "SchemingMind.com"]
[Date "2007.09.08"]
[Round "-"]
[White "Shanks"]
[Black "Dariusz1968"]
[Result "1-0"]
[WhiteCountry "ENG"]
[BlackCountry "POL"]
[WhiteElo "1509"]
[WhiteRD "80"]
[BlackElo "1332"]
[BlackRD "53"]
[GameID "119889"]

1. e4 e6 2. d4 g6 3. c3 a6 4. Nf3 h6 5. Nbd2 b6 6. Be2 Bb7 7. O-O Bg7 8. a3 d6 9. b4 Nf6 10. Bb2 Bxe4
11. Nxe4 Nxe4 12. Bd3 d5 13. a4 O-O 14. b5 a5 15. Bxe4 dxe4 16. Nd2 f5 17. Rb1 Bf6 18. Nb3 f4 19. f3
1-0

[Event "French Defence-Burn Variation 4---dxe4"]
[Site "SchemingMind.com"]
[Date "2007.09.09"]
[Round "-"]
[White "Theodoric"]
[Black "Dariusz1968"]
[Result "1-0"]
[WhiteCountry "ENG"]
[BlackCountry "POL"]
[WhiteElo "1850"]
[WhiteRD "58"]
[BlackElo "1332"]
[BlackRD "53"]
[GameID "119890"]

1. e4 e6 2. d4 b6 3. Nf3 Bb7 4. Bd3 h6 5. O-O g6 6. Nc3 Bb4 7. Bd2 Nf6 8. e5 Bxc3 9. Bxc3 Ng4 10. h3 h5
11. Bd2 Nh6 12. Bg5 Qc8 13. Bf6 Rg8 14. Ng5 Nf5 15. Bxf5 exf5 16. c3 Bd5 17. Qd2 Qb7 18. f3 Nc6 19. Nh7 Nd8 20. Bg5 Ne6
21. Nf6+ Kf8 22. Nxg8 Kxg8 23. Bf6 Kh7 24. Qf2
1-0

[Event "French Defence-Burn Variation 4---dxe4"]
[Site "SchemingMind.com"]
[Date "2007.09.13"]
[Round "-"]
[White "marks"]
[Black "Dariusz1968"]
[Result "1-0"]
[WhiteCountry "PHI"]
[BlackCountry "POL"]
[WhiteElo "1793"]
[WhiteRD "80"]
[BlackElo "1448"]
[BlackRD "53"]
[GameID "119892"]

1. e4 e6 2. d4 b6 3. Nf3 Bb7 4. Bd3 Nf6 5. Nc3 Bb4 6. e5 Bxc3+ 7. bxc3 Nd5 8. Bd2 h6 9. c4 Ne7 10. c3 d5
11. O-O dxc4 12. Bxc4 a6 13. a4 Bxf3 14. Qxf3 Nbc6 15. Qg3 g6 16. Qf3 Na5 17. Qf6 Rg8 18. Ba2 h5 19. Bg5 c6 20. c4 Qd7
21. d5 cxd5 22. cxd5 exd5 23. Rad1 Nac6 24. Qf3 Nxe5 25. Qe3 Ng4 26. Qxb6 Qxa4 27. Qb7 f6 28. Qxa8+ Kf7 29. Bxd5+ Nxd5 30. Qxd5+ Kg7
31. Qd7+ Qxd7 32. Rxd7+ Kh8 33. Bd2 Ne5 34. Ra7 Rd8 35. Bc3 Nd3 36. Bxf6+ Kg8 37. Bxd8 a5 38. Bxa5 Ne5 39. Re1 Nf7 40. Ree7 Kg7
41. Rxf7+ Kh6 42. Bd2+
1-0

[Event "French Defence-Burn Variation 4---dxe4"]
[Site "SchemingMind.com"]
[Date "2007.09.09"]
[Round "-"]
[White "Davarious Wolfe"]
[Black "lacus66"]
[Result "0-1"]
[WhiteCountry "GBR"]
[BlackCountry "HUN"]
[WhiteElo "1266"]
[WhiteRD "85"]
[BlackElo "1696"]
[BlackRD "70"]
[GameID "119921"]

1. e4 e6 2. Nf3 d5 3. Nc3 Bb4 4. a3 Bxc3 5. dxc3 Nf6 6. Ne5 Nxe4 7. Qh5 O-O 8. Bd3 Nd7 9. f3 g6 10. Qh3 Nxe5
11. fxe4 Nxd3+ 12. cxd3 e5 13. Qh6 Qf6 14. Rf1 Qg7 15. exd5 Rd8
0-1

[Event "French Defence-Burn Variation 4---dxe4"]
[Site "SchemingMind.com"]
[Date "2007.09.08"]
[Round "-"]
[White "Davarious Wolfe"]
[Black "Rotceh"]
[Result "0-1"]
[WhiteCountry "GBR"]
[BlackCountry "MEX"]
[WhiteElo "1266"]
[WhiteRD "85"]
[BlackElo "1603"]
[BlackRD "64"]
[GameID "119922"]

1. e4 e6 2. Nf3 d5 3. c3 Nc6 4. Qa4 dxe4 5. Nd4 Bd7 6. d3 Ne5 7. Qd1 c5 8. Nb3 exd3 9. f4 Ng6 10. Bxd3 Nh4
11. O-O Bc6 12. Be3 Bxg2 13. Rf2 Bc6 14. Nxc5 Bxc5
0-1

[Event "French Defence-Burn Variation 4---dxe4"]
[Site "SchemingMind.com"]
[Date "2007.09.08"]
[Round "-"]
[White "Davarious Wolfe"]
[Black "Shanks"]
[Result "0-1"]
[WhiteCountry "GBR"]
[BlackCountry "ENG"]
[WhiteElo "1266"]
[WhiteRD "85"]
[BlackElo "1500"]
[BlackRD "90"]
[GameID "119923"]

1. e4 e6 2. Nf3 d5 3. c3 dxe4 4. Ne5 Nf6 5. Qa4+ c6 6. Bb5 Bd6 7. Nxc6 Nxc6 8. Bxc6+ Ke7 9. Bxe4 Nd7 10. d4 h6
11. f4 Nf6
0-1

[Event "French Defence-Burn Variation 4---dxe4"]
[Site "SchemingMind.com"]
[Date "2007.09.09"]
[Round "-"]
[White "Davarious Wolfe"]
[Black "Theodoric"]
[Result "0-1"]
[WhiteCountry "GBR"]
[BlackCountry "ENG"]
[WhiteElo "1266"]
[WhiteRD "85"]
[BlackElo "1828"]
[BlackRD "57"]
[GameID "119924"]

1. e4 e6 2. Nf3 d5 3. Nc3 Bb4 4. a3 Bxc3 5. dxc3 c6 6. Ng5 f6 7. Nf3 Ne7 8. e5 Nd7 9. Bf4 Ng6 10. exf6 Nxf6
0-1

[Event "French Defence-Burn Variation 4---dxe4"]
[Site "SchemingMind.com"]
[Date "2007.09.08"]
[Round "-"]
[White "Davarious Wolfe"]
[Black "Dariusz1968"]
[Result "0-1"]
[WhiteCountry "GBR"]
[BlackCountry "POL"]
[WhiteElo "1236"]
[WhiteRD "86"]
[BlackElo "1332"]
[BlackRD "53"]
[GameID "119927"]

1. e4 e6 2. Qf3 a6 3. Nh3 h6 4. g4 Nc6 5. g5 hxg5 6. Rg1 Nd4 7. Qd3 Bc5 8. c3 Nc6 9. Nxg5 Rxh2 10. Qf3 Nf6
11. d4 Bxd4 12. cxd4 Nxd4 13. Qd3 c5
0-1

[Event "French Defence-Burn Variation 4---dxe4"]
[Site "SchemingMind.com"]
[Date "2007.09.11"]
[Round "-"]
[White "lacus66"]
[Black "Davarious Wolfe"]
[Result "1-0"]
[WhiteCountry "HUN"]
[BlackCountry "GBR"]
[WhiteElo "1696"]
[WhiteRD "70"]
[BlackElo "1266"]
[BlackRD "85"]
[GameID "119928"]

1. e4 e6 2. d4 d5 3. Nc3 Nf6 4. e5 Ne4 5. Nxe4 dxe4 6. Be3 Nc6 7. Bb5 a6 8. Bxc6+ bxc6 9. Ne2 Qh4 10. O-O f5
11. g3 Qh5 12. Nf4 Qf7 13. c4 g5 14. Ne2
1-0

[Event "French Defence-Burn Variation 4---dxe4"]
[Site "SchemingMind.com"]
[Date "2007.09.08"]
[Round "-"]
[White "Rotceh"]
[Black "Davarious Wolfe"]
[Result "1-0"]
[WhiteCountry "MEX"]
[BlackCountry "GBR"]
[WhiteElo "1603"]
[WhiteRD "64"]
[BlackElo "1266"]
[BlackRD "85"]
[GameID "119929"]

1. e4 e6 2. d4 d5 3. Nc3 Nf6 4. Bg5 h6 5. Bh4 g5 6. Bg3 dxe4 7. Be5 Bd6 8. Bxf6 Qxf6 9. Nxe4 Qf4 10. Nxd6+ cxd6
11. Qd3 Nc6 12. Nf3 a6 13. g3 Qf5 14. a3 Qa5+ 15. c3
1-0

[Event "French Defence-Burn Variation 4---dxe4"]
[Site "SchemingMind.com"]
[Date "2007.09.08"]
[Round "-"]
[White "Shanks"]
[Black "Davarious Wolfe"]
[Result "1-0"]
[WhiteCountry "ENG"]
[BlackCountry "GBR"]
[WhiteElo "1500"]
[WhiteRD "90"]
[BlackElo "1266"]
[BlackRD "85"]
[GameID "119930"]

1. e4 e6 2. d4 d5 3. e5 f6 4. c3 Nc6 5. Nf3 g5 6. g4 f5 7. Nxg5 h6 8. Nh3 Qh4 9. Bf4 fxg4 10. Bg3 Qh5
11. Nf4
1-0

[Event "French Defence-Burn Variation 4---dxe4"]
[Site "SchemingMind.com"]
[Date "2007.09.08"]
[Round "-"]
[White "Dariusz1968"]
[Black "Davarious Wolfe"]
[Result "1-0"]
[WhiteCountry "POL"]
[BlackCountry "GBR"]
[WhiteElo "1332"]
[WhiteRD "53"]
[BlackElo "1236"]
[BlackRD "86"]
[GameID "119934"]

1. e4 e6 2. Qf3 d5 3. e5 f6 4. exf6 Nxf6 5. d3 Nc6 6. c3 Nb4 7. cxb4 Bxb4+ 8. Bd2 c5 9. Bxb4 cxb4 10. b3 Qc7
11. Qd1 Qc5 12. d4 Qc6 13. Bd3 a5 14. Qe2
1-0